000 00418nam a2200193Ia 4500
003 0100
008 130303s9999 xx 000 0 und d
040 _cARRUPELIB
050 _aBL2464.B15 1983
100 _aBahemuka, Judith Mbula
245 _aOur religious heritage
260 _aSurrey
260 _bNelson
260 _C1983
300 _a146p.
300 _b 21cm
650 _aRELIGION
942 0 0 _04
999 _c25223
_d25223